1980 Election Night - Statistics

General Stats
  • This quiz has been taken 9 times
  • The average score is 32 of 53
Answer Stats
Time Called EST Electoral Votes Answer % Correct
11:39 PM 45 California
100%
10:02 PM 10 Minnesota
100%
8:47 PM 26 Texas
100%
10:02 PM 3 Delaware
80%
8:42 PM 3 District of Columbia
80%
7:45 PM 17 Florida
80%
8:41 PM 12 Georgia
80%
Wed. Morning 4 Hawaii
80%
Wed. 12:07 AM 26 Illinois
80%
7:00 PM 13 Indiana
80%
Wed. Morning 2 Maine
80%
Wed. Morning 1 Maine-1
80%
Wed. Morning 1 Maine-2
80%
Wed. Morning 14 Massachusetts
80%
12:22 AM 41 New York
80%
8:00 PM 25 Ohio
80%
8:34 PM 27 Pennsylvania
80%
9:00 PM 9 Alabama
60%
10:14 PM 4 Idaho
60%
10:13 PM 8 Iowa
60%
10:32 PM 10 Louisiana
60%
12:27 AM 10 Maryland
60%
9:31 PM 21 Michigan
60%
9:31 PM 12 Missouri
60%
10:22 PM 4 Montana
60%
8:41 PM 4 New Hampshire
60%
8:36 PM 17 New Jersey
60%
Wed. Morning 13 North Carolina
60%
9:31 PM 3 North Dakota
60%
9:31 PM 4 Rhode Island
60%
8:52 PM 4 South Dakota
60%
7:36 PM 12 Virginia
60%
10:02 PM 6 West Virginia
60%
10:30 PM 11 Wisconsin
60%
10:02 PM 3 Wyoming
60%
Wed. Morning 3 Alaska
40%
11:30 PM 6 Arizona
40%
Wed. Morning 6 Arkansas
40%
9:42 PM 7 Colorado
40%
8:38 PM 8 Connecticut
40%
8:36 PM 7 Kansas
40%
12:41 AM 9 Kentucky
40%
Wed. Morning 7 Mississippi
40%
9:06 PM 5 Nebraska
40%
11:30 PM 3 Nevada
40%
9:32 PM 4 New Mexico
40%
8:38 PM 8 Oklahoma
40%
11:38 PM 6 Oregon
40%
Wed. Morning 8 South Carolina
40%
Wed. Morning 10 Tennessee
40%
10:34 PM 4 Utah
40%
10:02 PM 3 Vermont
40%
11:21 PM 9 Washington
40%
No matching quizzes found
Score Distribution
Percent of People with Each Score
Percentile by Number Answered
Your Score History
You have not taken this quiz